00529nam a2200193Ia 450000500170000000800410001702000150005808200190007310000140009224500340010626000260014030000170016665000110018365000120019465000130020694200060021995200950022599900150032020241219050550.0240331s9999 xx 000 0 und d a8185604452 bGEE21913a305 aGeetha, V 0aGender :bTheorizing Feminism aCalcuttabSTREEc2002 axvi, 149 p., aGender aHistory aFeminism cL 001040708LaWERCLbWERCLcSSCd2024-03-31l0o 305 GEEp1913r2024-03-31w2024-03-31yL c1435d1435